Normal view
MARC view
- Non-governmental organizations
Entry Topical Term
001 - CONTROL NUMBER
- control field: 109781
003 - CONTROL NUMBER IDENTIFIER
- control field: NUST
005 - DATE AND TIME OF LATEST TRANSACTION
- control field: 20230306102737.0
008 - FIXED-LENGTH DATA ELEMENTS
- fixed length control field: 230306|| aca||aabn | a|a d
040 ## - CATALOGING SOURCE
- Original cataloging agency: NUST
- Transcribing agency: NUST
150 ## - HEADING--TOPICAL TERM
- Topical term or geographic name entry element: Non-governmental organizations
670 ## - SOURCE DATA FOUND
- Source citation: Work cat.: (NUST)0: Parkinson, Sarah, 1974- 109780, Finding a way in international development :, 2013.
